000 00253 a2200121 4500
001 142418
040 _cLeonardo Da Vinci
041 _aPortuguês
082 _av159
245 _aOS SEGREDOS do corpo
697 _aBiologia
_aCorpo Humano
942 _cVM
999 _c142418
_d142418